| 000 | 01316nam a22002897a 4500 | ||
|---|---|---|---|
| 005 | 19970904051429.3 | ||
| 008 | 970904m19271929ii a 001 0aeng | ||
| 010 | _aENG-95679 | ||
| 020 |
_a9788179928196 _c295.00 |
||
| 035 | _aEN-79212 | ||
| 037 | _aDBAD/PUB | ||
| 040 | _aDPL | ||
| 082 | _a921 | ||
| 100 |
_a Gandhi, M.K _d1869-1948. |
||
| 245 |
_aMy experiments with truth : _cby M.K. Gandhi ; translated from the original in Gujarati by Mahadev Desai. _ban autobiography |
||
| 260 |
_aMumbai _bJaico Publishing House, _c2010 |
||
| 270 |
_aA-2, Jash chambers, Fort _bMumbai _e400001 |
||
| 300 |
_axv, 491p. _c23 cm.(Pbk) |
||
| 500 | _aAutobiographical. | ||
| 533 |
_aMicrofilm. _bNew Delhi : _cLibrary of Congress Office ; _bChicago : _cAvailable from Center for Research Libraries, _d1996. _eOn 1 microfilm reel with other items ; 35 mm. _f(SAMP early 20th-century Indian books project ; item 10233) _nMaster microform held by: ICRL. |
||
| 600 |
_aGandhi, _cMahatma, _d1869-1948. |
||
| 650 |
_aStatesmen _zIndia _xBiography. |
||
| 700 |
_aDesai, Mahadev H. _q(Mahadev Haribhai), _d1892-1942. |
||
| 942 |
_2ddc _cEN _mGAN _h921 |
||
| 999 |
_c33254 _d33254 |
||